00428nam a22001457a 4500003000400000005001700004008004100021040000800062082001400070100002300084245008500107260005400192300001100246650002500257OSt20181115113512.0181115b ||||| |||| 00| 0 eng d cDLC a266bE99B aEzzo, Elsie Bolton aBought For A Dollar and other Exciting Stories Of China /cBy Elsie Bolton Ezzo. aMissouri, USA :bGospel Publishing House,cc1969. a95 p.: aMissionxStory Based